00440nam a2200169 a 4500001001300000003000900013005001700022008004100039020001000080082001600090245003300106260004600139300000900185500003500194650001400229710002700243nice12345678IN_TiNIC20260116015154.0070503s2002 hyda grp 000 0 eng  ac30000a954.84bHMI aHistoric Growth of Hyderabad aHyderabad bHenry Martyn Institute c2002 a188p aincludes index and biblioraphy aHyderabad2 aHenry Martyn Institute